| 000 | 00583nam a2200205Ia 4500 | ||
|---|---|---|---|
| 003 | IN-BaIIA | ||
| 008 | 211028s9999 xx 000 0 eng d | ||
| 020 | _a0-19-850745-3 | ||
| 040 | _cIIA Library | ||
| 080 |
_a5 _bPAR |
||
| 100 |
_aPark, Robert L _926825 |
||
| 245 | 0 |
_aVoodoo science _bthe road from foolishness to fraud _cRobert L. Park |
|
| 260 |
_aOxford _bOxford University Press _c2000 |
||
| 300 | _ax, 230p. | ||
| 650 |
_aPerpetuum mobile _926826 |
||
| 650 |
_aPseudoscience _926827 |
||
| 650 |
_aThermodynamics _9455 |
||
| 650 |
_aVirtual astronaut _926828 |
||
| 942 | _cBK | ||
| 999 |
_c14872 _d14872 |
||